| 000 | 00480nam a2200169 i 4500 | ||
|---|---|---|---|
| 001 | 85930 | ||
| 003 | ES-MaACL | ||
| 005 | 20230906175334.0 | ||
| 007 | t| | ||
| 008 | 041203s1947 xxk ||||1| eng d | ||
| 100 | 1 |
_aKekwick, James. _967744 |
|
| 245 | 1 | 0 |
_aTown and country planning law / _cby James Kekwick. |
| 250 | _a[1st ed.]. | ||
| 260 |
_aLondon : _bStevens & Sons, _c1947 ( _fThe Eastern Press) |
||
| 300 |
_aXVII, 556 p. ; _c25 cm. |
||
| 852 |
_aES-MaACL _jC-5309 _bR.25474 |
||
| 999 |
_c85930 _d85930 |
||